[Event "SVK-ch U12"]
[Site "Liptovsky Mikulas"]
[Date "2019.04.28"]
[Round "7"]
[White "Pivoda, Szabolcs"]
[Black "Blasko, Lukas"]
[Result "1-0"]
[WhiteElo "1012"]
[BlackElo "1000"]
[PlyCount "51"]
[EventDate "2019.04.23"]
[EventType "swiss"]
[EventRounds "9"]
[EventCountry "SVK"]
[SourceTitle "CBM 190 Extra"]
[Source "ChessBase"]
[SourceDate "2019.07.15"]
[SourceVersion "1"]
[SourceVersionDate "2019.07.15"]
[SourceQuality "1"]

1. e4 e5 2. Nf3 Nc6 3. Bc4 Nf6 4. Nc3 Bc5 5. d3 h6 6. Be3 Bxe3 7. fxe3 d6 8. 0-0 Bg4 9. Nd5 0-0 10. Qe1 Be6 11. Nd2 Nd7 12. Qg3 Bxd5 13. Bxd5 Nb4 14. Bc4 Nxc2 15. Rac1 Nb4 16. Rf3 Qg5 17. Qxg5 hxg5 18. g4 Rae8 19. Rcf1 Re7 20. Rh3 Nc5 21. Rff3 Nbxd3 22. Rh5 g6 23. Rh6 Kg7 24. Rfh3 Nxb2 25. Rh7+ Kf6 26. Rf3# 1-0

[Event "SVK-ch U10"]
[Site "Liptovsky Mikulas"]
[Date "2017.04.23"]
[Round "3"]
[White "Pivoda, Szabolcs"]
[Black "Sahidi, Shabir"]
[Result "1/2-1/2"]
[WhiteElo "1000"]
[BlackElo "1000"]
[PlyCount "164"]
[EventDate "2017.04.22"]
[EventType "swiss"]
[EventRounds "9"]
[EventCountry "SVK"]
[SourceTitle "CBM 178 Extra"]
[Source "ChessBase"]
[SourceDate "2017.06.22"]
[SourceVersion "1"]
[SourceVersionDate "2017.06.22"]
[SourceQuality "1"]

1. c4 e5 2. Nc3 Nc6 3. d3 Nf6 4. e4 Bc5 5. Qc2 d6 6. Bd2 Nd4 7. Qa4+ Bd7 8. Nb5 a6 9. Nf3 axb5 10. Qd1 bxc4 11. Nxd4 Bxd4 12. dxc4 Bxb2 13. Rb1 Rxa2 14. Bd3 Ba4 15. Qf3 b5 16. cxb5 Qb8 17. 0-0 Bxb5 18. Bxb5+ Qxb5 19. Bc3 Qc4 20. Bxb2 Nxe4 21. Rbc1 Nd2 22. Rxc4 Nxf3+ 23. gxf3 Rxb2 24. Rfc1 c5 25. Ra4 0-0 26. Ra6 Rd8 27. Rca1 Rbb8 28. R6a4 d5 29. f4 e4 30. R4a3 d4 31. Rg3 c4 32. Kh1 d3 33. Rc1 d2 34. Rd1 c3 35. Rxc3 Rbc8 36. Rxc8 Rxc8 37. Rxd2 h6 38. Re2 Re8 39. f3 e3 40. f5 g6 41. fxg6 fxg6 42. f4 Kf7 43. Kg2 Kf6 44. Kf3 Kf5 45. h4 Re4 46. Rxe3 Rxf4+ 47. Kg3 g5 48. hxg5 Kxg5 49. Re5+ Rf5 50. Re4 h5 51. Rc4 Rf6 52. Rc5+ Rf5 53. Rc6 Rf6 54. Rc5+ Rf5 55. Rc6 Rf4 56. Rc5+ Rf5 57. Rc4 Rf6 58. Rd4 Rf1 59. Rh4 Rg1+ 60. Kh2 Rg4 61. Rh3 Rh4 62. Rxh4 Kxh4 63. Kg2 Kg4 64. Kf2 h4 65. Kg2 h3+ 66. Kf2 Kf4 67. Kg1 Kg3 68. Kh1 Kg4 69. Kh2 Kh4 70. Kg1 Kg3 71. Kh1 Kf3 72. Kh2 Kg4 73. Kg1 Kg3 74. Kh1 Kg4 75. Kh2 Kh4 76. Kg1 Kg4 77. Kh2 Kh4 78. Kg1 Kg3 79. Kh1 Kf3 80. Kh2 Kg4 81. Kg1 Kf3 82. Kh2 Kg4 1/2-1/2

[Event "SVK-ch U10"]
[Site "Liptovsky Mikulas"]
[Date "2017.04.23"]
[Round "2"]
[White "Rakovsky, Jakub"]
[Black "Pivoda, Szabolcs"]
[Result "1-0"]
[WhiteElo "1035"]
[BlackElo "1000"]
[PlyCount "131"]
[EventDate "2017.04.22"]
[EventType "swiss"]
[EventRounds "9"]
[EventCountry "SVK"]
[SourceTitle "CBM 178 Extra"]
[Source "ChessBase"]
[SourceDate "2017.06.22"]
[SourceVersion "1"]
[SourceVersionDate "2017.06.22"]
[SourceQuality "1"]

1. e4 e5 2. Nf3 Nc6 3. Bc4 Nf6 4. Nc3 Bc5 5. d3 d6 6. Bg5 h6 7. Bh4 0-0 8. Nd5 Bb4+ 9. c3 Bc5 10. Nxf6+ Kh8 11. Nh5 Qd7 12. d4 exd4 13. Nxd4 Bxd4 14. cxd4 Na5 15. Bb3 c5 16. dxc5 dxc5 17. 0-0 c4 18. Bc2 Qe6 19. Qd4 Nc6 20. Qc5 Qg6 21. Qxf8+ Kh7 22. Nf6+ gxf6 23. Bxf6 Bh3 24. Qg7+ Qxg7 25. Bxg7 Kxg7 26. gxh3 Nd4 27. Ba4 Rc8 28. Rfd1 Nf3+ 29. Kg2 Ne5 30. Rd4 Rc5 31. Rd5 Nd3 32. Rxc5 Nxc5 33. Bc2 Ne6 34. Rd1 b5 35. Rd7 a5 36. Rd5 Nc7 37. Rc5 Na6 38. Rxb5 Nc7 39. Rc5 Na6 40. Rxa5 Nb4 41. Bb1 Nc6 42. Rc5 Nb4 43. Rxc4 Na6 44. e5 Nb8 45. Rc7 Kf8 46. Bf5 Na6 47. Rc6 Nb4 48. Rb6 Nd5 49. Rd6 Ne7 50. Rd8+ Kg7 51. a4 Nxf5 52. a5 Ne7 53. a6 Nc6 54. Rd6 Na7 55. Rd7 Nc6 56. Rc7 Nb8 57. a7 Na6 58. Rxf7+ Kxf7 59. a8Q Nc7 60. Qb7 Ke6 61. Qxc7 Kf5 62. b4 Ke4 63. e6 Kf5 64. e7 Ke4 65. e8Q+ Kd5 66. Qee5# 1-0